Hydrogen Production using Aluminum and Nano Modifiers / (Record no. 534229)
[ view plain ]
| 000 -LEADER | |
|---|---|
| fixed length control field | 00551nam a22001697a 4500 |
| 020 ## - INTERNATIONAL STANDARD BOOK NUMBER | |
| Qualifying information | Hard Cover. |
| 082 ## - DEWEY DECIMAL CLASSIFICATION NUMBER | |
| Classification number | 200 |
| 100 ## - MAIN ENTRY--PERSONAL NAME | |
| Personal name | Yousaf, Imran |
| 245 ## - TITLE STATEMENT | |
| Title | Hydrogen Production using Aluminum and Nano Modifiers / |
| Statement of responsibility, etc. | Imran Yousaf. |
| 260 ## - PUBLICATION, DISTRIBUTION, ETC. | |
| Place of publication, distribution, etc. | Islamabad: |
| Name of publisher, distributor, etc. | SCME - NUST, |
| Date of publication, distribution, etc. | 2014. |
| 300 ## - PHYSICAL DESCRIPTION | |
| Extent | 73 p. : |
| Other physical details | ill. ; |
| Dimensions | 30cm. |
| 650 ## - SUBJECT ADDED ENTRY--TOPICAL TERM | |
| Topical term or geographic name entry element | MS- Chemical Engineering |
| 700 ## - ADDED ENTRY--PERSONAL NAME | |
| Personal name | Dr. Habib Nasir |
| 856 ## - Uniform Resource Identifier | |
| Uniform Resource Identifier | <a href=" http://10.250.8.41:8080/xmlui/handle/123456789/6455"> http://10.250.8.41:8080/xmlui/handle/123456789/6455</a> |
| 942 ## - ADDED ENTRY ELEMENTS (KOHA) | |
| Source of classification or shelving scheme | |
| Koha item type | Soft Copy |
| 650 ## - SUBJECT ADDED ENTRY--TOPICAL TERM | |
| -- | 129140 |
| 700 ## - ADDED ENTRY--PERSONAL NAME | |
| -- | 16070 |
| Withdrawn status | Lost status | Source of classification or shelving scheme | Damaged status | Not for loan | Permanent Location | Current Location | Shelving location | Date acquired | Full call number | Barcode | Date last seen | Price effective from | Koha item type |
|---|---|---|---|---|---|---|---|---|---|---|---|---|---|
| Central Library (CL) | Central Library (CL) | Thesis | 02/10/2020 | 200 | CL-T-4959 | 02/10/2020 | 02/10/2020 | Soft Copy | |||||
| Central Library (CL) | Central Library (CL) | Thesis | 02/20/2020 | 200 | CL-T-5173 | 02/20/2020 | 02/20/2020 | Soft Copy |
